Score 0/20 Timer 03:00
1 Play Today
Show Word % Correct
The Big _____ TheoryBang
98.5%
Late _____ With Jimmy FallonNight
96.2%
Dancing with the _____Stars
95.7%
Saturday Night _____Live
95.6%
Breaking _____Bad
95.1%
Modern _____Family
94.3%
Arrested _____Development
93.5%
_____ of ThronesGame
92.5%
_____ and RecreationParks
91.6%
Downton _____Abbey
91.5%
Show Word % Correct
30 _____Rock
89.9%
The Daily _____Show
86.9%
House of _____Cards
85.1%
_____ MenMad
83.4%
_____ RunwayProject
78.9%
The Colbert _____Report
78.8%
The _____ RaceAmazing
78.7%
American _____ Story: AsylumHorror
76.5%
Boardwalk _____Empire
75.7%
_____ ChefTop
55.8%

Today's Daily Dose

Missing Word
'T' Pairs

Word Ladder
Game Pieces

Get the Picture
Baseball Movies

Remove Ads.
Support Sporcle.
Get the best of Sporcle when you Go Orange. This ad-free experience offers more features, more stats, and more fun while also helping to support Sporcle. Thank you for becoming a member.

You're not logged in!

Compare scores with friends on all Sporcle quizzes.
OR
Log In

Show Comments

Extras

Top Quizzes Today


Score Distribution

Your Account Isn't Verified!

In order to create a playlist on Sporcle, you need to verify the email address you used during registration. Go to your Sporcle Settings to finish the process.

Report this User

Report this user for behavior that violates our Community Guidelines.

Details: